| 000 | 00369 a2200145 4500 | ||
|---|---|---|---|
| 999 |
_c12706 _d12706 |
||
| 003 | OSt | ||
| 005 | 20240703185451.0 | ||
| 008 | 240703b ||||| |||| 00| 0 eng d | ||
| 020 | _a9788412604597 | ||
| 100 | _a Luis Fernández-Galiano Ruiz and Gina Cariño | ||
| 245 | _aFoster in the Future | ||
| 260 |
_b Arquitectura Viva _c2023 |
||
| 300 | _a93p; | ||
| 942 | _2ddc | ||